| 000 | 00691aam a2200277 4500 | ||
|---|---|---|---|
| 005 | 20250806121322.0 | ||
| 008 | 150701b xxu||||| |||| 00| 0 spa d | ||
| 020 | _a997764487 | ||
| 041 | _aESP | ||
| 082 | _aCR 861.4 E19c | ||
| 100 | _aEcheverría, Aquileo | ||
| 245 | _aConcherías | ||
| 260 | _aCosta Rica | ||
| 260 | _bEUNED | ||
| 260 | _c2011 | ||
| 300 | _a280 páginas | ||
| 300 | _bIlustraciones a color | ||
| 490 | _aTEMÁTICA GENERAL | ||
| 650 | _aTEMÁTICA GENERAL | ||
| 650 | _aLITERATURA COSTARRICENSE | ||
| 650 | _aPOESÍA COSTARRICENSE | ||
| 650 | _aCONCHERÍAS COSTARRICENSES | ||
| 650 | _aFOLKLORE CAMPESINO | ||
| 650 | _aCOSTA RICA | ||
| 942 |
_cBK _2ddc |
||
| 999 |
_c3222 _d3222 |
||